Deutschland nach Buchstabe - Q - Statistiken

Allgemein
  • Dieses Quiz wurde 61 mal gespielt
  • Das Durchschnittsergebnis liegt bei 6 aus 16
Antwortstatistiken
Hinweis Antwort % Korrekt
Großer Versandhändler, der mittlerweile zu Otto gehört Quelle
95%
Diese Wissenschaftsdisziplin wurde maßgeblich durch deutsche Forscher wie Planck, Einstein und Heisenberg entwickelt Quantenphysik
91%
Historische Stadt am nördlichen Rand des Harz mit bedeutendem Damenstift und Fachwerkhaus-Altstadt Quedlinburg
87%
Statue auf dem Brandenburger Tor Quadriga
58%
Mit Pellkartoffeln und Leinöl Spezialität in Brandenburg Quark
55%
Stadt im Kreis Pinneberg bei Hamburg Quickborn
44%
Hansestadt im Norden des Landkreises Osnabrück an der Hase Quakenbrück
35%
Stadt im Harzvorland im Saalekreis, bei der die Himmelsscheibe von Nebra gefunden wurde Querfurt
25%
Spitzname der Stadt Mannheim Quadratestadt
22%
Ehemalige deutsche Kolonie in China, die dort die große Tsingtao-Brauerei gründeten Qingdao
16%
Nebenfluss des Rheins, der durch Landau und Germersheim fließt Queich
13%
In diesem Stadtteil im Süden von Bochum befindet sich die Ruhr-Universität Querenburg
11%
Kirche, Wahrzeichen der Stadt Neuss Quirinius-Münster
9%
Für Russisch Brot bekannter Dresdner Zuckerbäckerei-Betrieb, der mittlerweile zu Bahlsen gehört Dr. Quendt
7%
Gemeinde nördlich von Saarbrücken mit Bergbau-Vergangenheit Quierschied
4%
Deutscher Bariton-Sänger (Klassik, Jazz), der bereits 4 Grammys gewinnen konnte Thomas Quasthoff
4%
Keine übereinstimmenden Quizze gefunden
Verteilung der Resultate
Anzahl Personen mit jedem Resultat
Perzentil nach korrekt beantworteten Fragen
Ihre Resultats-Entwicklung
Sie haben dieses Quiz noch nicht gespielt